00305nam a2200109Ia 4500008004100000020001900041082001600060100001800076245005000094260004200144300000900186210430s9999 xx 000 0 und d a4024-4024-4024 a297 S2431 A aM SARWAR Khan aAqal say kaam kyun nahe Lete /cM SARWAR Khan aKarachibQurain book foundationc2011 a319p